[Event "PMPJ 2022 - C17"]
[Site "Jastrzebia Gora"]
[Date "2022.11.07"]
[Round "2.6"]
[White "Zeissel, Andrzej"]
[Black "Karut, Kacper"]
[Result "1/2-1/2"]
[BlackElo "1794"]
[WhiteElo "1654"]
[LiveChessVersion "1.4.8"]

1. d4 {[%clk 1:30:58]} Nf6 {[%clk 1:30:39]} 2. Nc3 {[%clk 1:31:21]} d5
{[%clk 1:30:38]} 3. Bf4 {[%clk 1:31:46]} e6 {[%clk 1:29:30]} 4. Nb5
{[%clk 1:32:11]} Na6 {[%clk 1:27:01]} 5. e3 {[%clk 1:32:36]} c6 {[%clk 1:23:55]}
6. Nc3 {[%clk 1:33:04]} Nc7 {[%clk 1:19:45]} 7. Nf3 {[%clk 1:32:51]} Bd6
{[%clk 1:18:57]} 8. Ne5 {[%clk 1:33:15]} O-O {[%clk 1:18:42]} 9. Bd3
{[%clk 1:33:40]} c5 {[%clk 1:17:11]} 10. g4 {[%clk 1:33:35]} cxd4
{[%clk 1:10:18]} 11. exd4 {[%clk 1:33:49]} Bxe5 {[%clk 1:09:39]} 12. Bxe5
{[%clk 1:33:22]} Nd7 {[%clk 1:09:10]} 13. Qe2 {[%clk 1:25:51]} Nxe5
{[%clk 1:04:38]} 14. Qxe5 {[%clk 1:26:15]} Ne8 {[%clk 0:59:12]} 15. h4
{[%clk 1:14:58]} Qd6 {[%clk 0:52:43]} 16. f4 {[%clk 1:04:20]} Qxe5+
{[%clk 0:50:16]} 17. fxe5 {[%clk 1:04:19]} f6 {[%clk 0:49:35]} 18. O-O-O
{[%clk 1:02:06]} fxe5 {[%clk 0:49:14]} 19. dxe5 {[%clk 1:02:33]} Bd7
{[%clk 0:48:38]} 20. Rdf1 {[%clk 0:59:44]} Nc7 {[%clk 0:48:01]} 21. Ne2
{[%clk 0:58:11]} a6 {[%clk 0:38:00]} 22. Nd4 {[%clk 0:52:44]} Bb5
{[%clk 0:30:55]} 23. Bxb5 {[%clk 0:48:55]} axb5 {[%clk 0:31:16]} 24. Kb1
{[%clk 0:36:01]} Rf7 {[%clk 0:25:10]} 25. Rxf7 {[%clk 0:36:06]} Kxf7
{[%clk 0:25:37]} 26. a3 {[%clk 0:35:31]} Ke7 {[%clk 0:20:28]} 27. Rf1
{[%clk 0:35:39]} Ra4 {[%clk 0:20:20]} 28. c3 {[%clk 0:33:26]} Rc4
{[%clk 0:18:50]} 29. Kc2 {[%clk 0:30:01]} Na6 {[%clk 0:18:22]} 30. Nxb5
{[%clk 0:26:07]} Rxg4 {[%clk 0:18:00]} 31. Nd6 {[%clk 0:26:08]} Rg2+
{[%clk 0:11:22]} 32. Kb1 {[%clk 0:21:34]} b6 {[%clk 0:07:53]} 33. Rf7+
{[%clk 0:21:54]} Kd8 {[%clk 0:08:17]} 34. b4 {[%clk 0:18:36]} Nc7
{[%clk 0:05:42]} 35. Rf8+ {[%clk 0:15:12]} Kd7 {[%clk 0:05:37]} 36. Rb8
{[%clk 0:14:41]} g5 {[%clk 0:04:55]} 37. Rh8 {[%clk 0:10:18]} gxh4
{[%clk 0:04:11]} 38. Rxh7+ {[%clk 0:10:42]} Kc6 {[%clk 0:03:18]} 39. Rxh4
{[%clk 0:11:07]} Rg5 {[%clk 0:03:15]} 40. Nf7 {[%clk 0:10:47]} Rg7
{[%clk 0:02:17]} 41. Nd6 {[%clk 0:10:02]} Rg5 {[%clk 0:02:30]} 1/2-1/2

[Event "PMPJ 2022 - C17"]
[Site "Jastrzebia Gora"]
[Date "2022.11.07"]
[Round "2.7"]
[White "Bem, Tymoteusz"]
[Black "Kotowicz, Kamil"]
[Result "1/2-1/2"]
[BlackElo "1775"]
[WhiteElo "1652"]
[LiveChessVersion "1.4.8"]

1. d4 {[%clk 1:30:52]} Nf6 {[%clk 1:30:47]} 2. c4 {[%clk 1:30:54]} e6
{[%clk 1:31:10]} 3. Nf3 {[%clk 1:30:39]} b6 {[%clk 1:31:26]} 4. a3
{[%clk 1:30:05]} Bb7 {[%clk 1:31:21]} 5. Nc3 {[%clk 1:29:44]} d5 {[%clk 1:30:37]}
6. cxd5 {[%clk 1:29:56]} Nxd5 {[%clk 1:30:27]} 7. Qc2 {[%clk 1:28:44]} Nxc3
{[%clk 1:28:31]} 8. bxc3 {[%clk 1:27:33]} Nd7 {[%clk 1:27:01]} 9. e4
{[%clk 1:24:29]} c5 {[%clk 1:23:36]} 10. Bd3 {[%clk 1:22:05]} Qc7
{[%clk 1:17:56]} 11. O-O {[%clk 1:13:39]} cxd4 {[%clk 1:13:50]} 12. cxd4
{[%clk 1:07:59]} Qxc2 {[%clk 1:13:34]} 13. Bxc2 {[%clk 1:08:27]} Be7
{[%clk 1:12:43]} 14. Ba4 {[%clk 1:07:12]} a6 {[%clk 1:12:07]} 15. Re1
{[%clk 0:44:33]} b5 {[%clk 1:11:03]} 16. Bb3 {[%clk 0:42:15]} Nf6
{[%clk 1:08:46]} 17. Nd2 {[%clk 0:36:10]} O-O {[%clk 1:07:37]} 18. Bb2
{[%clk 0:35:35]} Rac8 {[%clk 1:06:08]} 19. Rad1 {[%clk 0:33:41]} a5
{[%clk 1:03:14]} 20. a4 {[%clk 0:29:52]} bxa4 {[%clk 1:03:18]} 21. Bxa4
{[%clk 0:30:00]} Bb4 {[%clk 1:03:34]} 22. f3 {[%clk 0:29:59]} Bc6
{[%clk 1:01:04]} 23. Bxc6 {[%clk 0:24:51]} Rxc6 {[%clk 1:01:30]} 24. Re2
{[%clk 0:24:38]} Rc2 {[%clk 1:00:42]} 25. Ba1 {[%clk 0:24:26]} Rfc8
{[%clk 0:59:13]} 26. Kf2 {[%clk 0:24:20]} Rc1 {[%clk 0:58:12]} 27. Rxc1
{[%clk 0:22:13]} Rxc1 {[%clk 0:58:37]} 28. Bb2 {[%clk 0:22:40]} Rc8
{[%clk 0:57:52]} 29. Ke3 {[%clk 0:20:41]} Ne8 {[%clk 0:56:14]} 30. Kd3
{[%clk 0:20:26]} Nd6 {[%clk 0:54:59]} 31. Nb1 {[%clk 0:18:57]} Nb5
{[%clk 0:49:00]} 32. Rc2 {[%clk 0:18:49]} Rxc2 {[%clk 0:47:25]} 33. Kxc2
{[%clk 0:19:17]} a4 {[%clk 0:46:17]} 34. Ba1 {[%clk 0:14:28]} f6 {[%clk 0:41:14]}
35. Kd3 {[%clk 0:14:39]} a3 {[%clk 0:40:20]} 36. Nc3 {[%clk 0:13:47]} Nxc3
{[%clk 0:38:13]} 37. Bxc3 {[%clk 0:14:16]} Bd6 {[%clk 0:38:05]} 38. h3
{[%clk 0:13:47]} Kf7 {[%clk 0:37:21]} 39. Kc4 {[%clk 0:13:07]} Kg6
{[%clk 0:37:29]} 40. Kb5 {[%clk 0:10:21]} h5 {[%clk 0:32:54]} 41. Kc6
{[%clk 0:10:32]} Bb8 {[%clk 0:28:29]} 42. Bb4 {[%clk 0:04:01]} a2
{[%clk 0:26:49]} 43. Bc3 {[%clk 0:04:29]} e5 {[%clk 0:26:46]} 44. d5
{[%clk 0:01:52]} Ba7 {[%clk 0:25:51]} 45. d6 {[%clk 0:02:00]} Bd4
{[%clk 0:25:28]} 46. Bxd4 {[%clk 0:02:29]} exd4 {[%clk 0:25:54]} 47. d7
{[%clk 0:02:55]} a1=Q {[%clk 0:26:11]} 48. d8=Q {[%clk 0:03:20]} Qc3+
{[%clk 0:23:27]} 49. Kd5 {[%clk 0:03:24]} Qb3+ {[%clk 0:20:30]} 50. Kc5
{[%clk 0:03:18]} Qc2+ {[%clk 0:19:23]} 51. Kd5 {[%clk 0:02:12]} d3
{[%clk 0:16:56]} 52. h4 {[%clk 0:02:04]} Qa2+ {[%clk 0:15:52]} 53. Kd4
{[%clk 0:01:36]} Qa1+ {[%clk 0:09:40]} 54. Kc4 {[%clk 0:01:27]} Qa4+
{[%clk 0:09:26]} 55. Kc3 {[%clk 0:01:13]} Qa1+ {[%clk 0:07:45]} 56. Kd2
{[%clk 0:01:05]} Qb2+ {[%clk 0:07:16]} 57. Kxd3 {[%clk 0:01:30]} Qxg2
{[%clk 0:07:18]} 58. Qe8+ {[%clk 0:01:29]} Kh6 1/2-1/2

[Event "PMPJ 2022 - C17"]
[Site "Jastrzebia Gora"]
[Date "2022.11.07"]
[Round "2.8"]
[White "Kossowski, Pawel"]
[Black "Maciaszek, Karol"]
[Result "1-0"]
[BlackElo "1631"]
[WhiteElo "1773"]
[LiveChessVersion "1.4.8"]

1. e4 {[%clk 1:30:59]} e6 {[%clk 1:29:26]} 2. d4 {[%clk 1:31:02]} c5
{[%clk 1:29:50]} 3. Nf3 {[%clk 1:31:10]} cxd4 {[%clk 1:30:10]} 4. Nxd4
{[%clk 1:31:33]} Nf6 {[%clk 1:30:34]} 5. Nc3 {[%clk 1:31:57]} Nc6
{[%clk 1:30:58]} 6. Ndb5 {[%clk 1:32:17]} Bc5 {[%clk 1:31:03]} 7. Bf4
{[%clk 1:27:35]} O-O {[%clk 1:31:04]} 8. Bc7 {[%clk 1:26:02]} Qe7
{[%clk 1:31:15]} 9. Bd6 {[%clk 1:26:17]} Bxd6 {[%clk 1:31:18]} 10. Qxd6
{[%clk 1:26:38]} Qd8 {[%clk 1:30:44]} 11. O-O-O {[%clk 1:25:45]} a6
{[%clk 1:30:17]} 12. Nd4 {[%clk 1:25:22]} Ne7 {[%clk 1:29:53]} 13. f3
{[%clk 1:09:20]} Ne8 {[%clk 1:17:00]} 14. Qg3 {[%clk 1:06:19]} b5
{[%clk 1:15:12]} 15. Nb3 {[%clk 0:56:09]} Nf6 {[%clk 1:08:10]} 16. Qd6
{[%clk 0:52:57]} Ne8 {[%clk 1:04:02]} 17. Qd2 {[%clk 0:51:44]} Nc7
{[%clk 0:59:18]} 18. h4 {[%clk 0:46:29]} d5 {[%clk 0:51:12]} 19. h5
{[%clk 0:43:30]} h6 {[%clk 0:48:16]} 20. g4 {[%clk 0:41:02]} Bb7 {[%clk 0:38:24]}
21. Na5 {[%clk 0:35:06]} b4 {[%clk 0:31:59]} 22. Ne2 {[%clk 0:29:22]} Nb5
{[%clk 0:23:26]} 23. Nxb7 {[%clk 0:27:38]} Qb6 {[%clk 0:23:46]} 24. g5 Qxb7
{[%clk 0:22:25]} 25. gxh6 {[%clk 0:25:17]} Rfc8 {[%clk 0:13:25]} 26. Nd4
{[%clk 0:16:20]} Nxd4 {[%clk 0:06:45]} 27. Qxd4 {[%clk 0:16:23]} f6
{[%clk 0:06:40]} 28. Qg1 {[%clk 0:07:54]} g5 {[%clk 0:05:58]} 29. hxg6
{[%clk 0:07:31]} b3 {[%clk 0:05:45]} 30. axb3 {[%clk 0:07:55]} Qc7
{[%clk 0:05:06]} 31. Bd3 {[%clk 0:06:27]} dxe4 {[%clk 0:03:01]} 32. fxe4
{[%clk 0:06:15]} Nc6 {[%clk 0:02:42]} 33. Bc4 {[%clk 0:05:28]} Qa5
{[%clk 0:00:52]} 34. h7+ {[%clk 0:04:00]} Kg7 {[%clk 0:01:08]} 35. Rd7+
{[%clk 0:04:18]} Kh8 {[%clk 0:01:18]} 36. g7# {[%clk 0:04:43]} 1-0

[Event "PMPJ 2022 - C17"]
[Site "Jastrzebia Gora"]
[Date "2022.11.07"]
[Round "2.9"]
[White "Mikula, Maciej"]
[Black "Mocko, Maciej"]
[Result "1-0"]
[BlackElo "1572"]
[WhiteElo "1748"]
[LiveChessVersion "1.4.8"]

1. a3 {[%clk 1:30:58]} g6 {[%clk 1:28:17]} 2. d4 {[%clk 1:29:14]} f5
{[%clk 1:28:43]} 3. Nf3 {[%clk 1:27:09]} Bg7 {[%clk 1:29:05]} 4. c4
{[%clk 1:27:27]} Nf6 {[%clk 1:29:32]} 5. g3 {[%clk 1:23:07]} d6 {[%clk 1:29:56]}
6. Bg2 {[%clk 1:22:04]} O-O {[%clk 1:30:19]} 7. O-O {[%clk 1:20:55]} Qe8
{[%clk 1:30:37]} 8. b4 {[%clk 0:48:17]} Ne4 {[%clk 1:22:11]} 9. Bb2
{[%clk 0:41:14]} g5 {[%clk 1:15:14]} 10. Nfd2 {[%clk 0:39:15]} Nf6
{[%clk 1:11:42]} 11. Nc3 {[%clk 0:29:36]} e5 {[%clk 1:08:25]} 12. dxe5
{[%clk 0:27:47]} dxe5 {[%clk 1:08:47]} 13. Nb5 {[%clk 0:27:00]} Qe7
{[%clk 1:06:09]} 14. Nf3 {[%clk 0:19:54]} a6 {[%clk 1:05:32]} 15. Nxc7
{[%clk 0:19:57]} Qxc7 {[%clk 1:05:26]} 16. Bxe5 {[%clk 0:20:21]} Qd7
{[%clk 0:59:47]} 17. Nxg5 {[%clk 0:19:21]} Nc6 {[%clk 0:54:07]} 18. Bd6
{[%clk 0:16:51]} Rd8 {[%clk 0:52:46]} 19. Bd5+ {[%clk 0:17:02]} Nxd5
{[%clk 0:39:16]} 20. Qxd5+ {[%clk 0:17:25]} Kh8 {[%clk 0:39:46]} 21. Nf7+
{[%clk 0:14:02]} Kg8 {[%clk 0:40:15]} 22. Nxd8+ {[%clk 0:14:17]} Kh8
{[%clk 0:40:45]} 23. Nf7+ {[%clk 0:14:35]} Kg8 {[%clk 0:41:14]} 24. Nh6+
{[%clk 0:14:18]} Kh8 {[%clk 0:41:32]} 25. Qg8# 1-0

[Event "PMPJ 2022 - C17"]
[Site "Jastrzebia Gora"]
[Date "2022.11.07"]
[Round "2.10"]
[White "Rzenca, Jerzy"]
[Black "Smetek, Michal"]
[Result "1/2-1/2"]
[BlackElo "1731"]
[WhiteElo "1631"]
[LiveChessVersion "1.4.8"]

1. c4 {[%clk 1:30:57]} c5 {[%clk 1:30:18]} 2. g3 {[%clk 1:31:19]} g6
{[%clk 1:30:44]} 3. Bg2 {[%clk 1:31:42]} Bg7 {[%clk 1:31:10]} 4. Nc3
{[%clk 1:31:18]} d6 {[%clk 1:30:37]} 5. a3 {[%clk 1:26:58]} a5 {[%clk 1:22:47]}
6. b3 {[%clk 1:24:55]} Nc6 {[%clk 1:21:04]} 7. Bb2 {[%clk 1:24:17]} e5
{[%clk 1:17:33]} 8. e3 {[%clk 1:19:40]} Nge7 {[%clk 1:09:45]} 9. Nd5
{[%clk 1:16:36]} Nxd5 {[%clk 0:54:25]} 10. Bxd5 {[%clk 1:17:00]} O-O
{[%clk 0:54:42]} 11. h4 {[%clk 1:10:48]} h6 {[%clk 0:43:49]} 12. Ne2
{[%clk 1:00:17]} Bg4 {[%clk 0:35:16]} 13. Qc2 {[%clk 0:59:23]} Bxe2
{[%clk 0:33:23]} 14. Kxe2 {[%clk 0:59:47]} Ne7 {[%clk 0:33:48]} 15. Bxb7
{[%clk 0:50:17]} Rb8 {[%clk 0:32:56]} 16. Bg2 {[%clk 0:50:42]} f5
{[%clk 0:27:43]} 17. f4 {[%clk 0:48:12]} Qb6 18. Bc3 {[%clk 0:43:57]} Qxb3
{[%clk 0:14:29]} 19. Qxb3 {[%clk 0:29:59]} Rxb3 {[%clk 0:14:57]} 20. Ra2
{[%clk 0:22:36]} e4 {[%clk 0:10:08]} 21. Bxg7 {[%clk 0:22:03]} Kxg7
{[%clk 0:10:37]} 22. h5 {[%clk 0:21:43]} gxh5 {[%clk 0:06:46]} 23. Rxh5
{[%clk 0:22:07]} Kg6 {[%clk 0:07:11]} 24. g4 {[%clk 0:21:32]} fxg4
{[%clk 0:06:47]} 25. Rh4 {[%clk 0:21:32]} h5 {[%clk 0:06:10]} 26. Bxe4+
{[%clk 0:21:57]} Kh6 {[%clk 0:06:34]} 27. Ra1 {[%clk 0:16:24]} Nf5
{[%clk 0:04:24]} 28. Bxf5 {[%clk 0:16:49]} Rxf5 {[%clk 0:04:52]} 29. Rah1
{[%clk 0:16:59]} Kg6 {[%clk 0:04:56]} 30. Ra1 {[%clk 0:16:53]} a4
{[%clk 0:03:22]} 31. Rhh1 {[%clk 0:11:36]} Rf7 {[%clk 0:02:54]} 32. Rh4
{[%clk 0:11:18]} Rfb7 {[%clk 0:00:51]} 33. Rah1 {[%clk 0:11:09]} Rh7
{[%clk 0:01:11]} 34. Ra1 {[%clk 0:11:35]} 1/2-1/2

[Event "PMPJ 2022 - C17"]
[Site "Jastrzebia Gora"]
[Date "2022.11.07"]
[Round "2.11"]
[White "Sternik, Piotr"]
[Black "Czarniecki, Pawel"]
[Result "1-0"]
[BlackElo "1524"]
[WhiteElo "1726"]
[LiveChessVersion "1.4.8"]

1. d4 {[%clk 1:30:54]} d5 {[%clk 1:30:56]} 2. c4 {[%clk 1:31:19]} e5
{[%clk 1:31:23]} 3. dxe5 {[%clk 1:29:51]} d4 {[%clk 1:31:49]} 4. a3
{[%clk 1:30:02]} Nc6 {[%clk 1:32:14]} 5. Nf3 {[%clk 1:30:08]} Bg4
{[%clk 1:32:24]} 6. Nbd2 {[%clk 1:17:36]} Qe7 {[%clk 1:31:08]} 7. h3
{[%clk 1:06:51]} Bxf3 {[%clk 1:25:51]} 8. Nxf3 {[%clk 1:06:53]} O-O-O
{[%clk 1:25:55]} 9. Qd3 {[%clk 1:04:42]} Kb8 {[%clk 1:22:19]} 10. Bf4
{[%clk 1:02:38]} h6 {[%clk 1:21:59]} 11. O-O-O {[%clk 0:58:20]} g5
{[%clk 1:19:10]} 12. Bh2 {[%clk 0:58:44]} Bg7 {[%clk 1:19:19]} 13. Qb3
{[%clk 0:51:34]} f6 {[%clk 1:06:41]} 14. e3 {[%clk 0:34:53]} fxe5
{[%clk 1:03:04]} 15. exd4 {[%clk 0:35:17]} e4 {[%clk 0:44:04]} 16. Ne5
{[%clk 0:33:27]} Bxe5 {[%clk 0:39:55]} 17. dxe5 {[%clk 0:32:33]} Rf8
{[%clk 0:30:48]} 18. Qe3 {[%clk 0:27:45]} Qh7 {[%clk 0:21:24]} 19. Re1
{[%clk 0:19:58]} Nge7 {[%clk 0:16:50]} 20. Qxe4 {[%clk 0:19:04]} Rxf2
{[%clk 0:15:07]} 21. Qxh7 {[%clk 0:18:00]} Rxh7 {[%clk 0:15:31]} 22. Bg3
{[%clk 0:18:27]} Rf8 {[%clk 0:13:17]} 23. Bd3 {[%clk 0:13:33]} Rhh8
{[%clk 0:12:41]} 24. b4 {[%clk 0:13:15]} Rd8 {[%clk 0:11:10]} 25. Kc2
{[%clk 0:11:53]} a5 {[%clk 0:11:07]} 26. b5 {[%clk 0:11:55]} Nd4+
{[%clk 0:11:31]} 27. Kc3 {[%clk 0:12:06]} Ne6 {[%clk 0:11:57]} 28. Rhf1
{[%clk 0:11:43]} Rhe8 {[%clk 0:11:03]} 29. h4 {[%clk 0:11:07]} Rd4
{[%clk 0:07:25]} 30. hxg5 {[%clk 0:09:46]} Red8 {[%clk 0:06:53]} 31. Bc2
{[%clk 0:09:51]} Nxg5 {[%clk 0:07:05]} 32. Bf2 {[%clk 0:09:53]} Rg4
{[%clk 0:07:16]} 33. Bc5 {[%clk 0:09:35]} Nc8 {[%clk 0:07:21]} 34. e6
{[%clk 0:07:24]} Rg3+ {[%clk 0:05:43]} 35. Kb2 {[%clk 0:07:04]} b6
{[%clk 0:05:16]} 36. e7 {[%clk 0:06:20]} Nxe7 {[%clk 0:05:27]} 37. Bxe7
{[%clk 0:06:47]} Rd2 {[%clk 0:05:46]} 38. Bxg5 {[%clk 0:07:05]} hxg5
{[%clk 0:06:06]} 39. Re8+ {[%clk 0:07:22]} Kb7 {[%clk 0:05:51]} 40. Rff8
{[%clk 0:07:35]} Rxc2+ {[%clk 0:06:13]} 41. Kxc2 {[%clk 0:08:02]} Rxg2+
{[%clk 0:06:38]} 42. Kd1 {[%clk 0:08:23]} Rg1+ {[%clk 0:07:02]} 43. Ke2
{[%clk 0:08:48]} Rg2+ {[%clk 0:07:26]} 44. Kf1 {[%clk 0:09:14]} 1-0

[Event "PMPJ 2022 - C17"]
[Site "Jastrzebia Gora"]
[Date "2022.11.07"]
[Round "2.12"]
[White "Balcerzak, Robert"]
[Black "Raba, Bartosz"]
[Result "0-1"]
[BlackElo "1896"]
[WhiteElo "1434"]
[LiveChessVersion "1.4.8"]

1. e4 {[%clk 1:30:58]} c6 {[%clk 1:28:35]} 2. d4 {[%clk 1:30:49]} d5
{[%clk 1:28:12]} 3. Nc3 {[%clk 1:30:38]} dxe4 {[%clk 1:28:34]} 4. Nxe4
{[%clk 1:30:25]} Bf5 {[%clk 1:28:35]} 5. Ng3 {[%clk 1:30:25]} Bg6
{[%clk 1:28:15]} 6. h4 {[%clk 1:29:54]} h6 {[%clk 1:27:24]} 7. h5
{[%clk 1:29:46]} Bh7 {[%clk 1:26:58]} 8. Nf3 {[%clk 1:29:35]} Nd7
{[%clk 1:27:04]} 9. Bd3 {[%clk 1:29:15]} Bxd3 {[%clk 1:26:58]} 10. Qxd3
{[%clk 1:29:29]} e6 {[%clk 1:26:26]} 11. Bd2 {[%clk 1:28:06]} Qc7
{[%clk 1:25:51]} 12. O-O-O {[%clk 1:26:28]} Ngf6 {[%clk 1:24:52]} 13. Ne4
{[%clk 1:24:55]} O-O-O {[%clk 1:22:20]} 14. g3 {[%clk 1:24:08]} Nxe4
{[%clk 1:21:16]} 15. Qxe4 {[%clk 1:24:20]} Bd6 {[%clk 1:21:20]} 16. c4
{[%clk 1:05:26]} c5 {[%clk 1:18:59]} 17. Qe2 {[%clk 0:59:09]} cxd4
{[%clk 1:07:38]} 18. Nxd4 {[%clk 0:58:59]} a6 {[%clk 0:59:47]} 19. Kb1
{[%clk 0:50:05]} Be5 {[%clk 0:58:01]} 20. Nb3 {[%clk 0:41:43]} Bf6
{[%clk 0:50:01]} 21. f4 {[%clk 0:27:43]} Nc5 {[%clk 0:47:50]} 22. Nxc5
{[%clk 0:20:03]} Qxc5 {[%clk 0:47:30]} 23. g4 {[%clk 0:10:11]} Bd4
{[%clk 0:42:16]} 24. Rh3 {[%clk 0:03:55]} Rd7 {[%clk 0:41:36]} 25. Rb3
{[%clk 0:00:47]} Rhd8 {[%clk 0:41:18]} 26. Bb4 {[%clk 0:00:57]} Qc6
{[%clk 0:39:32]} 27. Rbd3 {[%clk 0:00:34]} Qb6 {[%clk 0:34:07]} 28. Qd2
{[%clk 0:00:35]} Be3 {[%clk 0:31:25]} 29. Qc3 {[%clk 0:00:32]} Rxd3
{[%clk 0:30:53]} 30. Rxd3 {[%clk 0:00:34]} Bxf4 {[%clk 0:29:36]} 31. Rxd8+
{[%clk 0:00:33]} Qxd8 {[%clk 0:30:02]} 32. Kc2 {[%clk 0:00:38]} e5
{[%clk 0:29:53]} 33. Qd3 {[%clk 0:00:37]} Qxd3+ {[%clk 0:28:20]} 34. Kxd3
{[%clk 0:01:06]} Kd7 {[%clk 0:28:36]} 35. Ke4 {[%clk 0:00:35]} Ke6
{[%clk 0:29:04]} 36. Bf8 {[%clk 0:00:37]} g6 {[%clk 0:29:28]} 37. hxg6
{[%clk 0:00:43]} fxg6 {[%clk 0:29:56]} 38. Bb4 {[%clk 0:00:38]} Bg3
{[%clk 0:27:59]} 39. Kf3 {[%clk 0:00:37]} Bh4 {[%clk 0:28:21]} 40. Bd2
{[%clk 0:00:38]} h5 {[%clk 0:28:38]} 41. gxh5 {[%clk 0:00:34]} gxh5
{[%clk 0:29:00]} 42. Ke4 {[%clk 0:00:45]} Bg3 {[%clk 0:28:52]} 43. b4
{[%clk 0:00:37]} h4 {[%clk 0:29:17]} 44. Kf3 {[%clk 0:00:47]} Kf5
{[%clk 0:29:43]} 45. a4 {[%clk 0:00:33]} e4+ {[%clk 0:30:08]} 46. Kg2
{[%clk 0:00:38]} Kg4 {[%clk 0:30:34]} 47. b5 {[%clk 0:00:37]} h3+
{[%clk 0:30:48]} 48. Kh1 {[%clk 0:00:44]} Kf3 {[%clk 0:31:10]} 49. c5
{[%clk 0:00:45]} axb5 {[%clk 0:29:52]} 50. axb5 {[%clk 0:01:12]} e3
{[%clk 0:29:50]} 51. Ba5 {[%clk 0:00:50]} e2 {[%clk 0:30:11]} 52. c6
{[%clk 0:00:35]} b6 {[%clk 0:30:39]} 53. Bd2 {[%clk 0:00:38]} Kf2
{[%clk 0:30:45]} 54. c7 {[%clk 0:00:32]} Bxc7 {[%clk 0:31:01]} 55. Bc3
{[%clk 0:00:34]} e1=Q+ {[%clk 0:31:22]} 56. Bxe1+ {[%clk 0:01:01]} Kxe1
{[%clk 0:31:43]} 57. Kg1 {[%clk 0:01:20]} Kd2 {[%clk 0:32:08]} 0-1

[Event "PMPJ 2022 - C17"]
[Site "Jastrzebia Gora"]
[Date "2022.11.07"]
[Round "2.13"]
[White "Melerowicz, Dominik"]
[Black "Grzechowiak, Kacper"]
[Result "1-0"]
[BlackElo "1448"]
[WhiteElo "1850"]
[LiveChessVersion "1.4.8"]

1. e4 {[%clk 1:30:57]} c6 {[%clk 1:30:50]} 2. d4 {[%clk 1:31:16]} d5
{[%clk 1:31:15]} 3. exd5 {[%clk 1:31:36]} cxd5 {[%clk 1:31:37]} 4. c4
{[%clk 1:31:59]} Nf6 {[%clk 1:32:02]} 5. Nc3 {[%clk 1:32:07]} Nc6
{[%clk 1:32:26]} 6. Bg5 {[%clk 1:31:55]} e6 {[%clk 1:22:40]} 7. c5
{[%clk 1:29:59]} Be7 {[%clk 1:15:42]} 8. Nf3 {[%clk 1:29:40]} Ne4
{[%clk 1:10:08]} 9. Bxe7 {[%clk 1:25:47]} Qxe7 {[%clk 1:05:33]} 10. Bb5
{[%clk 1:25:19]} Nxc3 {[%clk 1:03:42]} 11. bxc3 {[%clk 1:25:13]} O-O
{[%clk 1:04:01]} 12. O-O {[%clk 1:25:16]} a6 {[%clk 1:03:19]} 13. Bxc6
{[%clk 1:23:58]} bxc6 {[%clk 1:03:33]} 14. Rb1 {[%clk 1:23:17]} Qc7
{[%clk 0:52:21]} 15. Qa4 {[%clk 1:20:16]} f6 {[%clk 0:44:01]} 16. Rb6
{[%clk 1:17:43]} Bb7 {[%clk 0:42:34]} 17. Rfb1 {[%clk 1:16:16]} Rfb8 18. Qb3
{[%clk 1:12:24]} Ra7 {[%clk 0:41:43]} 19. a4 Kf7 {[%clk 0:34:50]} 20. a5
{[%clk 1:12:24]} Kg8 {[%clk 0:33:40]} 21. Ne1 {[%clk 1:12:06]} Kf8
{[%clk 0:24:49]} 22. Nd3 {[%clk 1:12:16]} Kg8 {[%clk 0:24:48]} 23. Nb4
{[%clk 1:12:35]} Re8 {[%clk 0:23:14]} 24. Qa4 {[%clk 1:10:12]} Rc8
{[%clk 0:20:00]} 25. Qc2 {[%clk 1:09:01]} Qd7 {[%clk 0:20:00]} 26. Qe2
{[%clk 1:08:59]} Rca8 27. Re1 Kf7 {[%clk 0:20:05]} 28. Qh5+ {[%clk 1:08:57]} Kg8
{[%clk 0:17:49]} 29. f4 g6 30. Qh3 {[%clk 1:07:20]} Re8 {[%clk 0:16:56]} 31. Qd3
{[%clk 1:05:31]} Rea8 32. c4 dxc4 {[%clk 0:07:55]} 33. Qxc4 {[%clk 1:05:45]} Kf7
{[%clk 0:08:15]} 34. Nd3 {[%clk 1:04:17]} Rd8 {[%clk 0:07:02]} 35. Nf2
{[%clk 1:03:40]} f5 {[%clk 0:04:09]} 36. Rb4 {[%clk 1:03:22]} Bc8
{[%clk 0:02:23]} 37. Nd3 {[%clk 1:03:30]} Qc7 {[%clk 0:01:08]} 38. Ne5+
{[%clk 1:03:51]} Kf6 {[%clk 0:01:30]} 39. Rb6 {[%clk 1:03:57]} Rb7
{[%clk 0:00:40]} 40. Rxc6 {[%clk 1:03:33]} Qxa5 {[%clk 0:01:06]} 41. Nf3
{[%clk 1:02:04]} Kg7 {[%clk 0:00:46]} 42. Rxa6 {[%clk 0:59:45]} Qc7
{[%clk 0:00:33]} 43. Ne5 {[%clk 0:55:48]} Rb2 {[%clk 0:00:36]} 44. Raa1
{[%clk 0:53:31]} Rd2 {[%clk 0:00:33]} 45. Nf3 {[%clk 0:53:26]} Qxf4
{[%clk 0:00:32]} 46. Nxd2 {[%clk 0:53:28]} Qxd2 {[%clk 0:00:57]} 47. Rad1
{[%clk 0:53:20]} Qg5 {[%clk 0:00:48]} 48. c6 {[%clk 0:53:14]} f4 {[%clk 0:00:43]}
49. d5 {[%clk 0:51:46]} exd5 {[%clk 0:00:34]} 50. Qd4+ {[%clk 0:51:34]} Kh6
{[%clk 0:00:34]} 51. Re5 {[%clk 0:49:02]} Qg4 {[%clk 0:00:35]} 52. Rxd5
{[%clk 0:48:56]} Rf8 {[%clk 0:00:33]} 53. Rd8 {[%clk 0:46:25]} Rxd8
{[%clk 0:00:44]} 54. Qxd8 {[%clk 0:46:49]} Bf5 {[%clk 0:01:13]} 55. Qd2
{[%clk 0:44:53]} Kh5 {[%clk 0:00:38]} 56. Rf1 {[%clk 0:43:33]} g5
{[%clk 0:00:55]} 57. Qd1 {[%clk 0:43:52]} Kg6 {[%clk 0:00:37]} 58. Qxg4
{[%clk 0:44:15]} Bxg4 {[%clk 0:01:03]} 59. c7 {[%clk 0:44:38]} Kf6
{[%clk 0:01:16]} 60. Rd1 {[%clk 0:44:52]} 1-0